| 000 | 00376nam a22001577a 4500 | ||
|---|---|---|---|
| 999 |
_c532462 _d532462 |
||
| 003 | NUST | ||
| 005 | 20191121112822.0 | ||
| 008 | 191121b ||||| |||| 00| 0 eng d | ||
| 038 | _aMSOHAIL | ||
| 082 | _a0 | ||
| 100 |
_aGhulam Hussain _926004 |
||
| 245 | _aIrrigation and Water Resource Engineering | ||
| 260 |
_aDelhti _bQUEST _c2012 |
||
| 300 | _aP;331 | ||
| 942 |
_2ddc _cBK |
||